[Event "Challenge"]
[Site "http://www.queenalice.com/game.php?id=17084"]
[Date "2005.6.22"]
[Round "-"]
[White "astheu"]
[Black "rafaelfaria"]
[Result "1-0"]
[WhiteElo "1618"]
[BlackElo "1114"]

1. e4 e5 2. Nf3 Nc6 3. Bb5 a6 4. Bxc6 dxc6 5. Nc3 Bc5 6. Nxe5 Qg5 7. d4 Qxg2 8.
Qf3 Qxf3 9. Nxf3 Nf6 10. dxc5 Nxe4 11. Nxe4 Bg4 12. Ne5 Bf3 13. Nxf3 Rd8 14. Bf4
O-O 15. Bxc7 Rde8 16. Ne5 f6 17. Bd6 Rxe5 18. Bxe5 fxe5 19. O-O-O Rf4 20. Rd8+
Kf7 21. Nd6+ Ke7 22. Rb8 Rb4 23. Rxb7+ Rxb7 24. Nxb7 e4 25. Rd1 g6 26. Rd6 g5
27. Kd2 h6 28. Rxh6 Kf8 29. Rxc6 g4 30. Rf6+ Kg7 31. Rf4 Kg6 32. Rxg4+ Kf5 33.
h3 Ke5 34. h4 Kd4 35. c3+ Ke5 36. c6 Kf5 37. Rxe4 Kxe4 38. c7 Kf3 39. c8=Q Kxf2
40. Qf5+ Kg2 41. h5 1-0

[Event "Challenge"]
[Site "http://www.queenalice.com/game.php?id=17117"]
[Date "2005.6.22"]
[Round "-"]
[White "astheu"]
[Black "Xavier"]
[Result "1-0"]
[WhiteElo "1545"]
[BlackElo "1277"]

1. e4 Nf6 2. e5 Nd5 3. d4 c6 4. Nf3 Qa5+ 5. Bd2 Qb6 6. Na3 Qxb2 7. Nc4 Qb5 8.
Nd6+ exd6 9. Bxb5 cxb5 10. Qe2 a6 11. exd6+ Kd8 12. Ne5 Bxd6 13. Nxf7+ Kc7 14.
Nxh8 Nc6 15. Qd3 g6 16. O-O Nf6 17. Nf7 Ng4 18. Nxd6 Kxd6 19. Qe4 Nf6 20. Bf4+
Ne5 21. Qxe5+ 1-0

[Event "AUTO-OPEN-98"]
[Site "http://www.queenalice.com/game.php?id=17273"]
[Date "2005.6.24"]
[Round "1"]
[White "astheu"]
[Black "cruiseyleemorph"]
[Result "0-1"]
[WhiteElo "1612"]
[BlackElo "1893"]

1. e4 e5 2. Nc3 Nf6 3. Nf3 Nc6 4. Bb5 Bb4 5. O-O O-O 6. Ne2 Nxe4 7. d3 Nf6 8.
Bxc6 dxc6 9. Nxe5 Qe7 10. d4 Ng4 11. Nxg4 Bxg4 12. f3 Bd7 13. Ng3 Qh4 14. Ne4 f5
15. Ng5 Be7 16. Nh3 Rfe8 17. Qd3 Rab8 18. Rf2 g5 19. Qc4+ Kg7 20. Re2 Bf6 21.
Nf2 Bxd4 22. f4 c5 23. g3 Qh5 24. g4 Bxf2+ 25. Kxf2 Qxh2+ 26. Kf1 Qh3+ 27. Kg1
Rxe2 28. Qxe2 Re8 29. Qd3 Re1+ 30. Kf2 Qh4+ 31. Qg3 Qh1 32. Qc3+ Kf7 33. fxg5
Qg1+ 34. Kf3 Bc6+ 35. Kf4 Qxg4# 0-1

[Event "AUTO-OPEN-98"]
[Site "http://www.queenalice.com/game.php?id=17274"]
[Date "2005.6.24"]
[Round "1"]
[White "cruiseyleemorph"]
[Black "astheu"]
[Result "1-0"]
[WhiteElo "1889"]
[BlackElo "1628"]

1. e4 e6 2. d4 d5 3. Nc3 Bb4 4. e5 c5 5. a3 Bxc3+ 6. bxc3 Ne7 7. Nf3 Nbc6 8. Bd3
Qa5 9. O-O Qxc3 10. Bd2 Qb2 11. dxc5 Nxe5 12. Nxe5 Qxe5 13. Re1 Qd4 14. Be3 Qa4
15. Qh5 Ng6 16. c4 dxc4 17. Bxg6 fxg6 18. Qf3 Rf8 19. Qh3 h5 20. Qg3 Qc2 21. c6
b6 22. Rac1 Qd3 23. Rcd1 Qf5 24. Qc7 Qf6 25. Bg5 Qxg5 26. Rd7 1-0

[Event "AUTO-OPEN-98"]
[Site "http://www.queenalice.com/game.php?id=17275"]
[Date "2005.6.24"]
[Round "1"]
[White "astheu"]
[Black "Claumann"]
[Result "0-1"]
[WhiteElo "1618"]
[BlackElo "1770"]

1. e4 d6 2. d4 Nc6 3. d5 Ne5 4. f4 Ng6 5. Nf3 Nxf4 6. Bxf4 c6 7. Nc3 e5 8. dxc6
bxc6 9. Bxe5 dxe5 10. Qxd8+ Kxd8 11. Nxe5 Be6 12. Nxc6+ Kc7 13. Nd4 Bb4 14.
O-O-O Bxc3 15. bxc3 Nf6 16. Nb5+ Kb8 17. Rd4 Ng4 18. Bc4 Bxc4 19. Rxc4 Ne5 20.
Rc5 f6 21. Nc7 Rc8 22. Rd1 Kb7 23. Ne6 Rxc5 24. Nxc5+ Kc6 25. Ne6 Rg8 26. Rd4
Re8 27. Nxg7 Rg8 28. Nh5 Rxg2 29. Nxf6 Rxh2 30. a4 a5 31. Rd8 Rh6 32. Rd5 Nc4
33. Rd4 Rh1+ 34. Rd1 Rxd1+ 35. Kxd1 h6 36. Ke2 Nb6 37. Kd3 Nxa4 38. e5 Nc5+ 39.
Kc4 Nd7 40. Nxd7 Kxd7 41. e6+ Kxe6 42. Kd3 Kd5 43. Ke3 Kc5 44. c4 Kxc4 0-1

[Event "AUTO-OPEN-98"]
[Site "http://www.queenalice.com/game.php?id=17276"]
[Date "2005.6.24"]
[Round "1"]
[White "Claumann"]
[Black "astheu"]
[Result "1/2-1/2"]
[WhiteElo "1837"]
[BlackElo "1619"]

1. d4 d5 2. c4 dxc4 3. Nc3 e5 4. Be3 exd4 5. Bxd4 Nc6 6. e3 Nxd4 7. Qxd4 Qxd4 8.
exd4 Bb4 9. Bxc4 Nf6 10. a3 Bxc3+ 11. bxc3 O-O 12. Nf3 Ne4 13. O-O c5 14. Rfe1
Nxc3 15. dxc5 h6 16. Rac1 Na4 17. Ne5 Bf5 18. g4 Be6 19. Bxe6 fxe6 20. Re4 b5
21. c6 Rac8 22. Rd4 Nb6 23. Rc5 a6 24. Rd6 Na4 25. Rc2 Rfe8 26. c7 a5 27. Rcc6
Kh7 28. Rd7 b4 29. axb4 axb4 30. Rd4 Nc3 31. Rxb4 Nd5 32. Rb7 Re7 33. f3 Rcxc7
34. Rbxc7 Nxc7 35. h4 g6 36. g5 Nd5 37. Kf2 Nf4 38. Kg3 Ne2+ 39. Kh3 Nd4 40. Rb6
Nf5 41. Nd3 Nd4 42. Kg4 h5+ 43. Kg3 Nf5+ 44. Kh3 e5 45. Rb4 Nd6 46. Kg2 Re8 47.
Rb6 Nc4 48. Rc6 Rd8 49. Rxc4 Rxd3 50. Rc5 Rd4 51. Kg3 e4 52. Rc7+ Kg8 53. Rc6
Kg7 54. fxe4 Rxe4 55. Rc3 Rg4+ 56. Kh3 Rf4 57. Rc7+ Kg8 58. Rc6 Kf7 59. Rb6 Rf3+
60. Kg2 Rf4 61. Kg3 1/2-1/2

[Event "AUTO-INT-22"]
[Site "http://www.queenalice.com/game.php?id=18086"]
[Date "2005.7.1"]
[Round "1"]
[White "Tittei"]
[Black "astheu"]
[Result "0-1"]
[WhiteElo "1475"]
[BlackElo "1587"]

1. e4 e5 2. Nc3 Nf6 3. Nf3 Nc6 4. Bc4 Nxe4 5. Nxe4 d5 6. Bxd5 Qxd5 7. Nc3 Qa5 8.
Qe2 Bb4 9. a3 Bxc3 10. dxc3 Bg4 11. b4 Qa4 12. b5 Ne7 13. Qxe5 f6 14. Qxc7 Bxf3
15. gxf3 Qxb5 16. c4 Qc6 17. Qxc6+ Nxc6 18. Be3 Ne5 19. O-O-O O-O 20. Rhg1 Nxf3
21. Rg3 Ne5 22. c5 Rad8 23. Rdg1 Rf7 24. Bh6 Ng6 25. Bd2 Rd5 26. Re3 Rxc5 27.
Bb4 Rc8 28. Reg3 Rd7 29. Bd2 Rdc7 30. c3 Ne5 31. Bf4 Rxc3+ 32. Rxc3 Rxc3+ 33.
Kb2 Rf3 34. Bg3 Nc4+ 35. Ka2 Kf7 36. Rc1 Rxa3+ 37. Kb1 b5 38. Kc2 a5 39. h4 a4
40. Bd6 Nxd6 41. Kb2 Nc4+ 42. Rxc4 Rb3+ 0-1

[Event "AUTO-INT-22"]
[Site "http://www.queenalice.com/game.php?id=18087"]
[Date "2005.7.1"]
[Round "1"]
[White "astheu"]
[Black "Tittei"]
[Result "1-0"]
[WhiteElo "1572"]
[BlackElo "1452"]

1. e4 e5 2. Bc4 Nf6 3. d3 Nc6 4. Nf3 Bc5 5. O-O d6 6. Nc3 a6 7. Bg5 Nb4 8. Bxf6
Qxf6 9. a3 Nc6 10. Nd5 Qd8 11. b4 Bd4 12. c3 Bb6 13. b5 axb5 14. Nxb6 cxb6 15.
Bxb5 Bg4 16. Re1 O-O 17. Bc4 Qf6 18. Re3 Ra5 19. Qb3 Na7 20. Qxb6 Rb8 21. Qxa5
Nc6 22. Qc7 Qe7 23. Qxe7 Nxe7 24. Ng5 b5 25. Bxf7+ Kf8 26. Rg3 Be2 27. Bb3 h6
28. Ne6+ Kf7 29. Nf4+ Kf8 30. Nxe2 Rd8 31. Rf3+ Ke8 32. Rf7 g6 33. Rh7 h5 34.
Bf7+ Kf8 35. Rh8+ Ng8 36. Rxg8+ Ke7 37. Rxd8 1-0

[Event "AUTO-INT-22"]
[Site "http://www.queenalice.com/game.php?id=18103"]
[Date "2005.7.1"]
[Round "1"]
[White "Tiago"]
[Black "astheu"]
[Result "0-1"]
[WhiteElo "1251"]
[BlackElo "1616"]

1. e4 Nf6 2. d3 d5 3. b3 dxe4 4. dxe4 Qxd1+ 5. Kxd1 Nxe4 6. Ke1 e5 7. Bd3 Bb4+
8. c3 Nxc3 9. a3 Nxb1+ 10. axb4 Nc3 11. Nf3 e4 12. Kd2 exf3 13. Kxc3 fxg2 14.
Rg1 Bh3 15. Bf4 O-O 16. Rae1 Nd7 17. Bxc7 Rac8 18. Re3 Rxc7+ 19. Kb2 Bg4 20. Re7
Be6 21. Rxg2 Ra8 22. h4 h6 23. Rg1 Kf8 24. Rxd7 Rxd7 25. Bb1 Rd2+ 26. Ka3 Rxf2
27. Be4 Rb8 28. h5 b5 29. Rc1 Rb6 30. Rc8+ Bxc8 31. Bd3 Ra6# 0-1

[Event "AUTO-INT-22"]
[Site "http://www.queenalice.com/game.php?id=18104"]
[Date "2005.7.1"]
[Round "1"]
[White "astheu"]
[Black "lostone"]
[Result "1/2-1/2"]
[WhiteElo "1619"]
[BlackElo "1521"]

1. e4 e5 2. Nf3 Nc6 3. Bb5 a6 4. Bxc6 dxc6 5. O-O f6 6. d4 exd4 7. Qxd4 Qxd4 8.
Nxd4 Bc5 9. Be3 Ne7 10. Nb5 Bd6 11. Nxd6+ cxd6 12. Nc3 d5 13. Bc5 g6 14. Bxe7
Kxe7 15. exd5 Rd8 16. Rfe1+ Kd6 17. Ne4+ Kc7 18. Nxf6 cxd5 19. Rad1 Kc6 20. Nxh7
Bf5 21. Ng5 Rac8 22. Ne6 Re8 23. Nd4+ Kc5 24. Nxf5 gxf5 25. Rxe8 Rxe8 26. f3 Re2
27. Rc1 b5 28. h4 f4 29. Kf1 Re5 30. Kf2 a5 31. Ra1 Rh5 32. Rh1 d4 33. Ke2 Kc4
34. Kd2 b4 35. b3+ Kc5 36. Kd3 Kd5 37. Rh2 Re5 38. h5 Re3+ 1/2-1/2

[Event "AUTO-INT-22"]
[Site "http://www.queenalice.com/game.php?id=18105"]
[Date "2005.7.1"]
[Round "1"]
[White "lostone"]
[Black "astheu"]
[Result "1/2-1/2"]
[WhiteElo "1498"]
[BlackElo "1641"]

1. e4 e5 2. Nf3 Nc6 3. Bb5 a6 4. Bxc6 dxc6 5. Nxe5 Qd4 6. Nd3 Qxe4+ 7. Qe2 Bf5
8. Qxe4+ Bxe4 9. O-O Bxd3 10. cxd3 O-O-O 11. Re1 Rxd3 12. Re8+ Rd8 13. Re3 Nf6
14. d3 Ng4 15. Re2 Rxd3 16. Nc3 Bb4 17. h3 Bxc3 18. bxc3 Rxc3 19. Bb2 Rc4 20.
Bxg7 Rg8 21. Be5 Re8 22. Rae1 Rxe5 23. Rxe5 Nxe5 24. Rxe5 Rc1+ 25. Kh2 Kd7 26.
Rh5 Rc2 27. Rf5 Ke6 28. g4 h5 29. Rxh5 Rxf2+ 30. Kg3 Rxa2 31. h4 a5 32. Rh6+ Kd7
33. g5 Ra3+ 34. Kg4 c5 35. Kf5 c4 36. Rh7 Ke8 37. h5 1/2-1/2